| 000 | 00439nam a2200145Ia 4500 | ||
|---|---|---|---|
| 003 | OSt | ||
| 005 | 20260123154044.0 | ||
| 008 | 211028s2016 xx 000 0 und d | ||
| 040 | _cAIMIT LIBRARY | ||
| 041 | _aeng | ||
| 100 |
_aUpendra, Uchil Laveena; Kusuma P. _g1416153 _97571 |
||
| 245 | _aStudy on joint venture related party and process of asset Mangalore in BPCL Mumbai / | ||
| 260 |
_aMangalore _bKusuma P. _c2016 |
||
| 942 |
_2ddc _cPRO |
||
| 999 |
_c219139 _d219139 |
||